Loading...
| Fine Arts - Classical Music | 0 | 6 | 0 | 0 | 60 | 82 | 90.83 | 0 | 3 | 9.25 | 17.05 |
| Literature - World | 0 | 6 | 0 | 0 | 60 | 54 | 89.67 | 0 | 1 | 11.76 | 19.64 |
| Literature - European | 0 | 6 | 0 | 0 | 60 | 54 | 91.00 | 0 | 3 | 11.88 | 28.41 |
| Painting/Sculpture | 0 | 5 | 0 | 1 | 50 | 43 | 96.60 | 0 | 2 | 6.10 | 23.86 |
| Literature - American | 0 | 5 | 0 | 0 | 50 | 60 | 83.40 | 0 | 1 | 10.88 | 20.29 |
| Literature - British | 0 | 4 | 0 | 1 | 40 | 86 | 102.50 | 0 | 0 | 3.14 | 13.96 |
| History - World | 0 | 4 | 1 | 0 | 35 | 56 | 78.50 | 0 | 1 | 9.85 | 12.18 |
| Social Science | 0 | 3 | 0 | 3 | 30 | 101 | 102.00 | 0 | 1 | 0.12 | 8.71 |
| Fine Arts - Other | 0 | 3 | 0 | 0 | 30 | 107 | 111.00 | 0 | 0 | 0.95 | 6.98 |
| History - Other | 0 | 3 | 0 | 0 | 30 | 93 | 100.00 | 0 | 0 | 2.01 | 6.82 |
| Philosophy | 0 | 3 | 0 | 0 | 30 | 51 | 91.00 | 0 | 0 | 7.34 | 17.09 |
| Religion | 0 | 3 | 0 | 0 | 30 | 61 | 87.67 | 0 | 1 | 5.12 | 15.10 |
| Mythology | 0 | 2 | 0 | 0 | 20 | 88 | 93.00 | 0 | 0 | 4.01 | 7.31 |
| Science - Chemistry | 0 | 2 | 0 | 0 | 20 | 83 | 84.00 | 0 | 0 | 1.52 | 4.71 |
| History - European | 0 | 2 | 0 | 1 | 20 | 69 | 93.00 | 0 | 0 | 3.39 | 5.68 |
| Current Events | 0 | 2 | 0 | 1 | 20 | 45 | 75.50 | 0 | 0 | 9.59 | 8.33 |
| Science - Biology | 0 | 2 | 2 | 0 | 10 | 87 | 92.50 | 0 | 0 | 2.23 | 3.73 |
| Geography | 0 | 1 | 0 | 0 | 10 | 63 | 63.00 | 0 | 1 | 6.67 | 11.90 |
| Science - Physics | 0 | 1 | 1 | 1 | 5 | 100 | 100.00 | 0 | 0 | 0.09 | 4.55 |
| Science - Other | 0 | 0 | 1 | 0 | -5 | 0.00 | 0 | 0 | 0.00 | 0.00 | |
| Pop Culture | 0 | 0 | 1 | 0 | -5 | 0.00 | 0 | 0 | 0.00 | 0.00 |